Top 50 biggest Cities in Norway - Statistics

General Stats
  • This quiz has been taken 134 times
  • The average score is 23 of 50
Answer Stats
City Population % Correct
Oslo 580,000
100%
Bergen 213,585
98%
Trondheim 147,139
97%
Stavanger 121,610
91%
Tromso 52,436
87%
Kristiansand 63,814
82%
Drammen 90,722
79%
Bodo 34,073
76%
Alesund 44,096
72%
Lillehammer 19,096
70%
Fredrikstad 72,760
61%
Kristiansund 16,785
60%
Lillestrom 14,000
59%
Narvik 14,114
58%
Haugesund 40,321
56%
Ski 12,513
54%
Molde 18,594
53%
Mo i Rana 17,853
52%
Sarpsborg 52,159
51%
Hamar 29,479
50%
Skien 50,595
50%
Alta 12,077
47%
Sandefjord 42,654
47%
Sandnes 63,032
47%
Tonsberg 38,914
46%
Moss 34,492
44%
Kongsberg 17,667
39%
Larvik 23,113
39%
Porsgrunn 34,377
39%
Arendal 30,916
38%
Halden 21,970
36%
Harstad 19,433
36%
Gjovik 17,596
34%
Bryne 10,000
32%
Kongsvinger 11,181
32%
Elverum 12,490
31%
Drobak 11,363
29%
Jessheim 12,365
28%
Honefoss 13,678
27%
Horten 17,660
24%
Steinkjer 20,000
24%
Mandal 10,143
18%
Askim 12,482
17%
Vennesla 10,931
9%
Ålgård/Figgjo 9,876
8%
Nesoddtangen 10,911
8%
Askoy 17,224
7%
Leirvik 11,028
7%
Stjordalshalsen 11,416
6%
Ytrebygda 24,044
2%
No matching quizzes found
Score Distribution
Percent of People with Each Score
Percentile by Number Answered
Your Score History
You have not taken this quiz